Engineering Mechanics : (Record no. 4935)
[ view plain ]
| 000 -LEADER | |
|---|---|
| fixed length control field | 00768cam a22002655a 4500 |
| 005 - DATE AND TIME OF LATEST TRANSACTION | |
| control field | 20201128013306.0 |
| 008 - FIXED-LENGTH DATA ELEMENTS--GENERAL INFORMATION | |
| fixed length control field | 091220t2007 njua|||fr || 00110 eengdd |
| 010 ## - LIBRARY OF CONGRESS CONTROL NUMBER | |
| LC control number | 2004269766 |
| 020 ## - INTERNATIONAL STANDARD BOOK NUMBER | |
| International Standard Book Number | 9780132038133 |
| 022 ## - INTERNATIONAL STANDARD SERIAL NUMBER | |
| International Standard Serial Number | 0132038137 |
| 082 00 - DEWEY DECIMAL CLASSIFICATION NUMBER | |
| Classification number | 620.103 |
| Item number | HIB |
| Edition number | 22 |
| 100 1# - MAIN ENTRY--PERSONAL NAME | |
| Personal name | Hibbeler, R. C. |
| 9 (RLIN) | 10021 |
| 245 10 - TITLE STATEMENT | |
| Title | Engineering Mechanics : |
| Name of part/section of a work | Statics / |
| Statement of responsibility, etc | R.C. Hibbeler |
| 246 30 - VARYING FORM OF TITLE | |
| Title proper/short title | Statics. |
| 250 ## - EDITION STATEMENT | |
| Edition statement | 11th ed. |
| 260 ## - PUBLICATION, DISTRIBUTION, ETC. (IMPRINT) | |
| Place of publication, distribution, etc | Upper Saddle River : |
| Name of publisher, distributor, etc | Prentice Hall, |
| Date of publication, distribution, etc | c.2007. |
| 300 ## - PHYSICAL DESCRIPTION | |
| Extent | xv, 658 p. : |
| Other physical details | col. ill. ; |
| Dimensions | 25 cm. |
| 504 ## - BIBLIOGRAPHY, ETC. NOTE | |
| Bibliography, etc | Index : p. 654-658. |
| 590 ## - LOCAL NOTE (RLIN) | |
| Local note | doaa mohamed |
| 650 #0 - SUBJECT ADDED ENTRY--TOPICAL TERM | |
| Topical term or geographic name as entry element | Statics |
| 9 (RLIN) | 10022 |
| Source of heading or term | BUEsh |
| 650 #0 - SUBJECT ADDED ENTRY--TOPICAL TERM | |
| Topical term or geographic name as entry element | Mechanics, Applied |
| 9 (RLIN) | 2049 |
| Source of heading or term | BUEsh |
| 651 ## - SUBJECT ADDED ENTRY--GEOGRAPHIC NAME | |
| Source of heading or term | BUEsh |
| 653 ## - INDEX TERM--UNCONTROLLED | |
| Resource For college | Engineering, General |
| 942 ## - ADDED ENTRY ELEMENTS (KOHA) | |
| Item type | Book - Borrowing |
| Call number prefix | 620.103 HIB |
| Source of classification or shelving scheme | Dewey Decimal Classification |
| Withdrawn status | Item status | Source of classification or shelving scheme | Damaged status | Not for loan | Vendor | Home library | Current library | Shelving location | Date acquired | Source of acquisition | Cost, normal purchase price | Total Checkouts | Total Renewals | Full call number | Barcode | Date last seen | Date last borrowed | Cost, replacement price | Koha item type | Materials specified (bound volume or other part) | Checked out |
|---|---|---|---|---|---|---|---|---|---|---|---|---|---|---|---|---|---|---|---|---|---|
| Dewey Decimal Classification | Central Library | Central Library | First floor | 08/11/2007 | 205.00 | 13 | 2 | 620.103 HIB | 000005990 | 15/07/2025 | 04/11/2014 | 256.25 | Book - Borrowing | ||||||||
| Lost | Dewey Decimal Classification | Central Library | Central Library | First floor | 08/11/2007 | 205.00 | 1 | 620.103 HIB | 000007142 | 03/12/2007 | 256.25 | Book - Borrowing | Lost In Inventory_2015-8-23 | ||||||||
| Dewey Decimal Classification | Central Library | Central Library | First floor | 08/11/2007 | 205.00 | 3 | 620.103 HIB | 000007135 | 15/07/2025 | 01/11/2009 | 256.25 | NB - Book (Non borrowing) | |||||||||
| Dewey Decimal Classification | Donation-Gift | Central Library | Central Library | First floor | 01/04/2009 | 205.00 | 10 | 72 | 620.103 HIB | 000015512 | 15/07/2025 | 09/12/2020 | 256.25 | Book - Borrowing | |||||||
| Dewey Decimal Classification | Central Library | Central Library | First floor | 20/12/2009 | Donation | 205.00 | 10 | 61 | 620.103 HIB | 000019254 | 07/08/2019 | 07/08/2019 | 256.25 | Book - Borrowing | 15/06/2020 | ||||||
| Dewey Decimal Classification | Central Library | Central Library | First floor | 20/03/2018 | 1 | 11 | 620.103 HIB | 000047472 | 15/07/2025 | 09/12/2020 | Book - Borrowing |